[Event "Riscle-A"]
[Site "Riscle"]
[Date "2017.08.07"]
[Round "4"]
[White "Varoquier, Romain"]
[Black "Ruiz Marana, Alejandro"]
[Result "0-1"]
[WhiteElo "2123"]
[BlackElo "2235"]
[PlyCount "118"]
[EventDate "2017.08.07"]
[EventType "tourn"]
[EventRounds "7"]
[EventCountry "FRA"]
[SourceTitle "EXT 2019"]
[Source "ChessBase"]
[SourceDate "2018.10.10"]
[SourceVersion "1"]
[SourceVersionDate "2018.10.10"]
[SourceQuality "1"]

1. e4 e5 2. Nf3 d6 3. Bc4 c6 4. d3 Be7 5. 0-0 Nf6 6. c3 0-0 7. Bb3 Nbd7 8. Re1 Qc7 9. Nbd2 d5 10. Nf1 dxe4 11. dxe4 Nc5 12. Bc2 Rd8 13. Qe2 b6 14. Ng3 Ba6 15. c4 Ne6 16. Bd2 Bc5 17. h3 Rd7 18. Bc3 Nd4 19. Bxd4 Bxd4 20. Nxd4 Rxd4 21. b3 Rad8 22. Rad1 g6 23. Rxd4 Rxd4 24. Rd1 Qd6 25. Rxd4 Qxd4 26. Qd1 b5 27. Qxd4 exd4 28. Ne2 c5 29. cxb5 Bxb5 30. Nc1 Kf8 31. Bd3 Bc6 32. f3 Ke7 33. Bc4 Nd7 34. Nd3 f6 35. Bg8 h6 36. b4 Kd6 37. Bf7 g5 38. Kf2 cxb4 39. Nxb4 Ne5 40. Nxc6 Kxc6 41. Bb3 Kb5 42. g3 Kb4 43. f4 gxf4 44. gxf4 Ng6 45. e5 fxe5 46. f5 Nh4 47. f6 e4 48. Bd5 e3+ 49. Ke2 Ng6 50. f7 Kc5 51. Be4 Nf4+ 52. Kf3 Ne6 53. h4 Kd6 54. Bf5 Nf8 55. h5 Ke7 56. Bg6 Ne6 57. Ke2 Nf4+ 58. Ke1 Nxg6 59. hxg6 d3 0-1

[Event "Lille Luce op 7th"]
[Site "Lille"]
[Date "2016.04.11"]
[Round "3"]
[White "Shved, Vassili"]
[Black "Varoquier, Romain"]
[Result "0-1"]
[WhiteElo "1639"]
[BlackElo "2130"]
[PlyCount "72"]
[EventDate "2016.04.09"]
[EventType "swiss"]
[EventRounds "7"]
[EventCountry "FRA"]
[SourceTitle "CBM 171 Extra"]
[Source "ChessBase"]
[SourceDate "2016.04.26"]
[SourceVersion "1"]
[SourceVersionDate "2016.04.26"]
[SourceQuality "1"]

1. e4 e5 2. d4 exd4 3. Qxd4 Nc6 4. Qe3 Nf6 5. Nc3 Bb4 6. Bd2 0-0 7. 0-0-0 Re8 8. Bc4 d6 9. f3 Be6 10. Bxe6 fxe6 11. Qe1 a6 12. h4 Qe7 13. Nh3 Bxc3 14. Bxc3 e5 15. Qe2 b5 16. g4 Qf7 17. b3 Nd8 18. h5 Ne6 19. h6 g6 20. Rdf1 Nd7 21. Qe3 Nf4 22. Nxf4 exf4 23. Qd4 Ne5 24. Qf2 a5 25. Kb1 Nc6 26. Rd1 b4 27. Ba1 a4 28. Rd5 Ra6 29. Rh2 Rea8 30. Qh4 Ra5 31. Qg5 Rxd5 32. exd5 Ne7 33. Rd2 axb3 34. axb3 Ra5 35. Re2 Qxd5 36. Qxe7 Qd1+ 0-1

[Event "Lille Luce op 7th"]
[Site "Lille"]
[Date "2016.04.09"]
[Round "1"]
[White "Deketelaere, Francky"]
[Black "Varoquier, Romain"]
[Result "0-1"]
[WhiteElo "1802"]
[BlackElo "2130"]
[PlyCount "72"]
[EventDate "2016.04.09"]
[EventType "swiss"]
[EventRounds "7"]
[EventCountry "FRA"]
[SourceTitle "CBM 171 Extra"]
[Source "ChessBase"]
[SourceDate "2016.04.26"]
[SourceVersion "1"]
[SourceVersionDate "2016.04.26"]
[SourceQuality "1"]

1. d4 d5 2. Nf3 Nf6 3. e3 e6 4. Bd3 b6 5. Nbd2 Bb7 6. Ne5 Be7 7. f4 0-0 8. Qf3 Ba6 9. Bxa6 Nxa6 10. c3 c5 11. 0-0 b5 12. a3 Qb6 13. g4 Qb7 14. g5 Nd7 15. Qg4 Nxe5 16. fxe5 b4 17. Rf3 bxc3 18. bxc3 Rab8 19. Rh3 Qd7 20. e4 cxd4 21. exd5 Qxd5 22. Ne4 Qxe5 23. Nf6+ Bxf6 24. Bf4 Qf5 25. Qxf5 exf5 26. gxf6 Rb3 27. Be5 Rxc3 28. Rxc3 dxc3 29. Bxc3 Rc8 30. Rd1 Nc5 31. fxg7 Ne4 32. Bb4 Kxg7 33. Rd7 a6 34. Rb7 Rc2 35. Rb6 f4 36. Rxa6 f3 0-1

[Event "Cappelle op 32nd"]
[Site "Cappelle la Grande"]
[Date "2016.02.16"]
[Round "5"]
[White "Ahlander, Bjorn"]
[Black "Varoquier, Romain"]
[Result "1-0"]
[WhiteElo "2416"]
[BlackElo "2143"]
[PlyCount "61"]
[EventDate "2016.02.13"]
[EventType "swiss"]
[EventRounds "9"]
[EventCountry "FRA"]
[SourceTitle "EXT 2017"]
[Source "ChessBase"]
[SourceDate "2016.10.25"]
[SourceVersion "1"]
[SourceVersionDate "2016.10.25"]
[SourceQuality "1"]

1. d4 d5 2. Nf3 Nf6 3. g3 e6 4. Bg2 Be7 5. c4 0-0 6. 0-0 c6 7. Qc2 b6 8. b3 Ba6 9. Nbd2 Nbd7 10. Bb2 c5 11. e4 dxe4 12. Nxe4 Nxe4 13. Qxe4 Rb8 14. Rad1 Bb7 15. Qe2 Bxf3 16. Bxf3 cxd4 17. Bxd4 Qc7 18. Be3 Rbd8 19. Bf4 Qc8 20. Rd3 Nc5 21. Rdd1 Rxd1 22. Rxd1 Rd8 23. b4 Nb7 24. Rxd8+ Nxd8 25. a3 g5 26. Bd2 Bf6 27. Qe4 Qd7 28. Be3 Be7 29. g4 f5 30. gxf5 exf5 31. Qe5 1-0

[Event "Cappelle op 30th"]
[Site "Cappelle la Grande"]
[Date "2014.03.05"]
[Round "6"]
[White "Varoquier, Romain"]
[Black "Kurajica, Bojan"]
[Result "0-1"]
[WhiteElo "2197"]
[BlackElo "2505"]
[PlyCount "124"]
[EventDate "2014.03.01"]
[EventType "swiss"]
[EventRounds "9"]
[EventCountry "FRA"]
[SourceTitle "CBM 159 Extra"]
[Source "ChessBase"]
[SourceDate "2014.04.24"]
[SourceVersion "1"]
[SourceVersionDate "2014.04.24"]
[SourceQuality "1"]

1. e4 c5 2. c4 Nc6 3. Nc3 g6 4. g3 a6 5. a3 Bg7 6. Rb1 d6 7. Bg2 f5 8. Nge2 fxe4 9. Nxe4 Nh6 10. 0-0 Nf5 11. b4 cxb4 12. axb4 Nfd4 13. d3 Bg4 14. f3 Bd7 15. Bg5 0-0 16. Kh1 b5 17. c5 Nxe2 18. Qxe2 h6 19. Qa2+ Kh8 20. Bf4 a5 21. cxd6 Nxb4 22. Qd2 Rxf4 23. Qxf4 Nxd3 24. Qd2 Ne5 25. Rfd1 Bc6 26. Qe2 Nc4 27. f4 Qe8 28. d7 Bxd7 29. Rxd7 Qxd7 30. Nc5 Qa7 31. Rxb5 Nd6 32. Rb1 Rb8 33. Rxb8+ Qxb8 34. Bd5 Qb5 35. Qxb5 Nxb5 36. Be4 g5 37. Kg2 Bd4 38. Na4 Kg7 39. Bd3 Nd6 40. Kf3 Kf6 41. Kg4 gxf4 42. gxf4 Ke6 43. h3 Ne8 44. Bc4+ Kd6 45. Kh5 Be3 46. Kxh6 e5 47. Kg6 exf4 48. Kf5 Ng7+ 49. Kg6 Ne6 50. Kf5 Nc5 51. Nc3 f3 52. Kg4 f2 53. Kf3 Bd4 54. Nd1 Nb3 55. Ke2 f1Q+ 56. Kxf1 Nd2+ 57. Ke2 Nxc4 58. Kd3 Kc5 59. Nc3 Ne5+ 60. Kc2 Bxc3 61. Kxc3 Nf3 62. Kb3 Kb5 0-1

[Event "Le Port Marly Paribas blitz op"]
[Site "Le Port Marly"]
[Date "2013.06.15"]
[Round "3"]
[White "Varoquier, Romain"]
[Black "Kirszenberg, Marc"]
[Result "0-1"]
[WhiteElo "2310"]
[BlackElo "2130"]
[PlyCount "54"]
[EventDate "2013.06.15"]
[EventType "swiss (blitz)"]
[EventRounds "15"]
[EventCountry "FRA"]
[SourceTitle "EXT 2014"]
[Source "ChessBase"]
[SourceDate "2013.11.20"]
[SourceVersion "1"]
[SourceVersionDate "2013.11.20"]
[SourceQuality "1"]

1. e4 d5 2. exd5 Nf6 3. Nf3 Nxd5 4. d4 g6 5. Be2 Bg7 6. 0-0 0-0 7. c4 Nb6 8. Be3 Nc6 9. Nc3 e5 10. d5 Ne7 11. Qb3 Nf5 12. Bc5 Re8 13. Rad1 e4 14. Nd4 Nd7 15. Nxf5 Nxc5 16. Qa3 Bf8 17. Nd4 Nd3 18. Qb3 Nf4 19. h3 Qg5 20. g3 Bxh3 21. Kh2 Bxf1 22. Bxf1 Qh5+ 23. Kg1 Nh3+ 24. Kg2 Ng5 25. Ncb5 Bd6 26. Nxd6 cxd6 27. Re1 Nf3 0-1

[Event "Cappelle op 29th"]
[Site "Cappelle la Grande"]
[Date "2013.02.27"]
[Round "6"]
[White "Varoquier, Romain"]
[Black "Massot, Manuel"]
[Result "1-0"]
[WhiteElo "2194"]
[BlackElo "1923"]
[PlyCount "37"]
[EventDate "2013.02.23"]
[EventType "swiss"]
[EventRounds "9"]
[EventCountry "FRA"]
[SourceTitle "CBM 153 Extra"]
[Source "ChessBase"]
[SourceDate "2013.04.22"]
[SourceVersion "1"]
[SourceVersionDate "2013.04.22"]
[SourceQuality "1"]

1. e4 d5 2. exd5 Qxd5 3. Nc3 Qa5 4. Bc4 Bf5 5. Nge2 e6 6. 0-0 c6 7. d4 Nf6 8. Ng3 Bg6 9. f4 Bf5 10. Nxf5 Qxf5 11. Bd3 Qh5 12. Qe1 Bd6 13. Rf3 Nbd7 14. Bd2 0-0-0 15. Rh3 Qa5 16. Nb5 Qb6 17. Nxd6+ Kb8 18. Nxf7 Qxd4+ 19. Be3 1-0

[Event "Issy les Moulineaux tt"]
[Site "Issy les Moulineaux"]
[Date "2008.11.22"]
[Round "2.3"]
[White "Varoquier, Romain"]
[Black "Champault, Pierre Emmanuel"]
[Result "1-0"]
[WhiteElo "2075"]
[BlackElo "2195"]
[PlyCount "77"]
[EventDate "2008.10.19"]
[EventType "team-tourn"]
[EventRounds "7"]
[EventCountry "FRA"]
[SourceTitle "EXT 2010"]
[Source "ChessBase"]
[SourceDate "2010.11.25"]
[SourceVersion "1"]
[SourceVersionDate "2010.11.25"]
[SourceQuality "1"]
[WhiteTeam "Reims"]
[BlackTeam "Limeil"]
[WhiteTeamCountry "FRA"]
[BlackTeamCountry "FRA"]

1. e4 d5 2. exd5 Nf6 3. d4 Nxd5 4. c4 Nb6 5. Nf3 Bg4 6. Be2 e6 7. Nc3 Be7 8. Be3 0-0 9. h3 Bh5 10. g4 Bg6 11. Ne5 N8d7 12. Nxg6 hxg6 13. Qd2 c5 14. dxc5 Bxc5 15. Bxc5 Nxc5 16. b4 Qxd2+ 17. Kxd2 Rfd8+ 18. Kc2 Ncd7 19. Rhd1 Ne5 20. Kb3 Nc6 21. c5 Nd7 22. b5 Ne7 23. Na4 Rac8 24. Rac1 Nd5 25. Bf3 Ne5 26. Bxd5 exd5 27. f4 Nc4 28. Rd3 b6 29. c6 a6 30. Kb4 axb5 31. Kxb5 Ra8 32. Rxc4 dxc4 33. Rxd8+ Rxd8 34. Kxc4 Rc8 35. Kb5 Kf8 36. Nxb6 Rc7 37. Nd5 Rc8 38. c7 Ke8 39. Kb6 1-0

[Event "FRA-chT2 East 0708"]
[Site "France"]
[Date "2008.02.10"]
[Round "7.2"]
[White "Pucher, Olivier"]
[Black "Varoquier, Romain"]
[Result "1-0"]
[WhiteElo "2329"]
[BlackElo "2068"]
[PlyCount "99"]
[EventDate "2007.10.21"]
[EventType "team"]
[EventRounds "11"]
[EventCountry "FRA"]
[SourceTitle "EXT 2009"]
[Source "ChessBase"]
[SourceDate "2008.11.26"]
[SourceVersion "1"]
[SourceVersionDate "2008.11.26"]
[SourceQuality "1"]
[WhiteTeam "Metz Fischer II"]
[BlackTeam "Reims"]
[WhiteTeamCountry "FRA"]
[BlackTeamCountry "FRA"]

1. d4 d5 2. c4 e6 3. Nf3 Nf6 4. g3 Be7 5. Bg2 0-0 6. 0-0 c5 7. cxd5 Nxd5 8. e4 Nf6 9. Nc3 cxd4 10. Nxd4 e5 11. Nf5 Bb4 12. Bg5 Bxc3 13. bxc3 Qxd1 14. Ne7+ Kh8 15. Rfxd1 Be6 16. Nd5 Nbd7 17. f4 Rac8 18. fxe5 Ng4 19. Be7 Rfe8 20. Bd6 Bxd5 21. exd5 Rxc3 22. e6 fxe6 23. dxe6 Ndf6 24. Bxb7 Rxe6 25. Bb4 Rc4 26. Rd8+ Re8 27. Rxe8+ Nxe8 28. a3 h5 29. h3 Nh6 30. Re1 Nf6 31. Re5 Rc1+ 32. Kg2 Rc2+ 33. Kf3 Rh2 34. Bc8 Rc2 35. Rc5 Rxc5 36. Bxc5 a5 37. Be6 g5 38. Bd4 Kg7 39. a4 Nf7 40. Bc3 Nd8 41. Bd5 Kg6 42. Ba8 g4+ 43. hxg4 hxg4+ 44. Ke3 Nh5 45. Bxa5 Ne6 46. Be1 Kf6 47. a5 Ke5 48. a6 Nc7 49. Bb7 Nb5 50. Kd3 1-0

[Event "FRA-chT2 East 0708"]
[Site "France"]
[Date "2008.01.19"]
[Round "5.2"]
[White "Varoquier, Romain"]
[Black "Salihu, Sami"]
[Result "1/2-1/2"]
[WhiteElo "2068"]
[BlackElo "2217"]
[PlyCount "96"]
[EventDate "2007.10.21"]
[EventType "team"]
[EventRounds "11"]
[EventCountry "FRA"]
[SourceTitle "EXT 2009"]
[Source "ChessBase"]
[SourceDate "2008.11.26"]
[SourceVersion "1"]
[SourceVersionDate "2008.11.26"]
[SourceQuality "1"]
[WhiteTeam "Reims"]
[BlackTeam "Epinal"]
[WhiteTeamCountry "FRA"]
[BlackTeamCountry "FRA"]

1. e4 c5 2. c4 Nc6 3. Nc3 Nf6 4. Nge2 e6 5. d4 cxd4 6. Nxd4 Bb4 7. Nxc6 bxc6 8. Qc2 e5 9. Be2 0-0 10. 0-0 Bc5 11. h3 Bd4 12. Kh1 Bb7 13. f4 c5 14. fxe5 Bxe5 15. Nd5 Nxd5 16. exd5 Qh4 17. Qf5 d6 18. Bg5 Qg3 19. Bf4 Bxf4 20. Qxf4 Qxf4 21. Rxf4 Rae8 22. Bd3 Re3 23. Rd1 Rfe8 24. Kg1 Re1+ 25. Rf1 Rxd1 26. Rxd1 g6 27. Kf2 Kg7 28. Rc1 f5 29. Rc3 Kf6 30. Ra3 a6 31. Rb3 Re7 32. Rb6 Ke5 33. a3 Bc8 34. Rc6 Bb7 35. Rb6 Rc7 36. Be2 Bc8 37. b4 cxb4 38. axb4 Rb7 39. Rc6 Bd7 40. Rxa6 Rxb4 41. Ra7 Ba4 42. Ke3 f4+ 43. Kd3 Rb3+ 44. Kd2 Rb2+ 45. Kd3 Rb3+ 46. Kd2 Rb2+ 47. Kd3 Rb3+ 48. Kd2 Rb2+ 1/2-1/2

[Event "FRA-chT2 East 0708"]
[Site "France"]
[Date "2007.11.25"]
[Round "3.1"]
[White "Varoquier, Romain"]
[Black "Dittmar, Peter"]
[Result "0-1"]
[WhiteElo "2071"]
[BlackElo "2318"]
[PlyCount "80"]
[EventDate "2007.10.21"]
[EventType "team"]
[EventRounds "11"]
[EventCountry "FRA"]
[SourceTitle "EXT 2009"]
[Source "ChessBase"]
[SourceDate "2008.11.26"]
[SourceVersion "1"]
[SourceVersionDate "2008.11.26"]
[SourceQuality "1"]
[WhiteTeam "Reims"]
[BlackTeam "Obernai"]
[WhiteTeamCountry "FRA"]
[BlackTeamCountry "FRA"]

1. e4 e6 2. d4 d5 3. Nd2 a6 4. c3 c5 5. exd5 exd5 6. dxc5 Bxc5 7. Nb3 Ba7 8. Nf3 Ne7 9. Bd3 0-0 10. 0-0 Nbc6 11. Re1 Nf5 12. Bc2 Qd6 13. Qe2 Bd7 14. Bd2 Rae8 15. Qf1 Be6 16. Rad1 h6 17. Bc1 Rd8 18. Qd3 g6 19. Re2 Rfe8 20. Qd2 h5 21. Rde1 Qf8 22. Qg5 Bc8 23. Bf4 Rxe2 24. Rxe2 Re8 25. Rd2 Bb6 26. Bxf5 Bxf5 27. h3 Be4 28. Nfd4 Bd8 29. Qg3 h4 30. Qg4 Ne5 31. Bxe5 Rxe5 32. Nf3 Bxf3 33. Qxf3 Qe7 34. g3 hxg3 35. fxg3 Re3 36. Qg4 Bc7 37. Rg2 Re4 38. Qc8+ Kg7 39. h4 Re1+ 40. Kh2 Qxh4+ 0-1

[Event "FRA-chT2 East 0708"]
[Site "France"]
[Date "2007.10.21"]
[Round "1.3"]
[White "Genzling, Alain"]
[Black "Varoquier, Romain"]
[Result "1/2-1/2"]
[WhiteElo "2279"]
[BlackElo "2071"]
[PlyCount "104"]
[EventDate "2007.10.21"]
[EventType "team"]
[EventRounds "11"]
[EventCountry "FRA"]
[SourceTitle "EXT 2009"]
[Source "ChessBase"]
[SourceDate "2008.11.26"]
[SourceVersion "1"]
[SourceVersionDate "2008.11.26"]
[SourceQuality "1"]
[WhiteTeam "Bischwiller II"]
[BlackTeam "Reims"]
[WhiteTeamCountry "FRA"]
[BlackTeamCountry "FRA"]

1. e4 e5 2. Nf3 Nc6 3. Bb5 a6 4. Bxc6 dxc6 5. 0-0 f6 6. d4 exd4 7. Nxd4 c5 8. Ne2 Qxd1 9. Rxd1 Bd7 10. Nbc3 0-0-0 11. Be3 Re8 12. Rd2 Bc6 13. Rad1 b6 14. f3 Ne7 15. Nf4 Ng6 16. Ncd5 Ne5 17. b3 c4 18. Bd4 Kb7 19. Ne3 cxb3 20. axb3 g6 21. Nfd5 Bg7 22. c4 a5 23. Ra2 Rhf8 24. c5 Bxd5 25. Nxd5 Nc6 26. Bf2 b5 27. Bg3 Rf7 28. Rad2 Bf8 29. Rc2 Rd8 30. Rcc1 f5 31. exf5 Rfd7 32. Bh4 Rxd5 33. Bxd8 Rxd8 34. Rxd8 Nxd8 35. fxg6 hxg6 36. h4 Kc6 37. g4 Bxc5+ 38. Kg2 Ne6 39. Kg3 Kd7 40. g5 Bd6+ 41. Kg4 a4 42. bxa4 bxa4 43. Ra1 a3 44. h5 gxh5+ 45. Kxh5 Ke7 46. Kg6 Nf4+ 47. Kh7 Kf7 48. Ra2 Bb4 49. Rc2 c5 50. Kh6 Ng6 51. Kh7 Nf8+ 52. Kh6 Ng6 1/2-1/2

[Event "Avoine op 20th"]
[Site "Avoine"]
[Date "2005.07.25"]
[Round "3"]
[White "Lai, Antoine"]
[Black "Varoquier, Romain"]
[Result "0-1"]
[WhiteElo "2083"]
[BlackElo "1953"]
[PlyCount "94"]
[EventDate "2005.07.23"]
[EventType "swiss"]
[EventRounds "9"]
[EventCountry "FRA"]
[SourceTitle "EXT 2007"]
[Source "ChessBase"]
[SourceDate "2006.11.23"]
[SourceVersion "1"]
[SourceVersionDate "2006.11.23"]
[SourceQuality "1"]

1. e4 e5 2. Bc4 Bc5 3. Nc3 Nc6 4. Qg4 Bf8 5. Qg3 d6 6. Nge2 Be6 7. Bb5 Nge7 8. 0-0 a6 9. Bxc6+ Nxc6 10. Nd5 Bxd5 11. exd5 Ne7 12. d4 Nf5 13. Qd3 g6 14. Bd2 Bg7 15. Bc3 0-0 16. dxe5 dxe5 17. Rad1 Re8 18. Ng3 Nd6 19. Ne4 Qh4 20. Nxd6 cxd6 21. g3 Qa4 22. b3 Qd7 23. Bb4 b5 24. Ba5 Rac8 25. c3 e4 26. Qe3 Re5 27. Bb6 Qf5 28. Bd4 Rxd5 29. Rfe1 Bxd4 30. Rxd4 Rxd4 31. Qxd4 d5 32. Rd1 Qe6 33. Rc1 Rc7 34. a4 bxa4 35. Qxa4 e3 36. Qf4 Rxc3 37. Rxc3 e2 38. Qb8+ Kg7 39. Rc1 e1R+ 40. Rxe1 Qxe1+ 41. Kg2 Qe4+ 42. Kf1 d4 43. Qb4 h6 44. Qc4 a5 45. Qc5 d3 46. Qc3+ Kh7 47. Kg1 Qd5 0-1

[Event "FRA-chT Top 16 GpA"]
[Site "Noyon"]
[Date "2005.02.04"]
[Round "1.8"]
[White "Milliet, Sophie"]
[Black "Varoquier, Romain"]
[Result "1-0"]
[WhiteElo "2309"]
[BlackElo "1920"]
[PlyCount "41"]
[EventDate "2005.03.31"]
[EventType "team-tourn"]
[EventRounds "7"]
[EventCountry "FRA"]
[SourceTitle "CBM 106"]
[Source "ChessBase"]
[SourceDate "2005.06.06"]
[SourceVersion "1"]
[SourceVersionDate "2005.06.06"]
[SourceQuality "1"]
[WhiteTeam "Bischwiller"]
[BlackTeam "Reims"]
[WhiteTeamCountry "FRA"]
[BlackTeamCountry "FRA"]

1. e4 e5 2. Nf3 Nc6 3. Bc4 Bc5 4. c3 Nf6 5. d3 d6 6. Nbd2 a6 7. Bb3 0-0 8. Nf1 Be6 9. Ng3 Ba7 10. 0-0 h6 11. Re1 Qe7 12. Bc2 d5 13. exd5 Bxd5 14. d4 Nd7 15. Qd3 f5 16. Nxf5 Qf7 17. dxe5 Rfe8 18. Bxh6 Nc5 19. Qe2 Qh5 20. Bxg7 Be6 21. N3h4 1-0

[Event "La Fere op 3rd"]
[Site "La Fere"]
[Date "2004.07.05"]
[Round "3"]
[White "Laurent, Julien G"]
[Black "Varoquier, Romain"]
[Result "1-0"]
[WhiteElo "2212"]
[BlackElo "1940"]
[PlyCount "61"]
[EventDate "2004.07.03"]
[EventType "swiss"]
[EventRounds "9"]
[EventCountry "FRA"]
[SourceTitle "CBM 101 Extra"]
[Source "ChessBase"]
[SourceDate "2004.09.01"]
[SourceVersion "2"]
[SourceVersionDate "2004.09.01"]
[SourceQuality "1"]

1. d4 d5 2. c4 e6 3. Nc3 Nf6 4. cxd5 exd5 5. Bg5 Be7 6. Qc2 Nbd7 7. e3 0-0 8. Bd3 b6 9. Nge2 Bb7 10. f3 c5 11. 0-0 Rc8 12. Rfe1 Re8 13. Rad1 a6 14. Bf5 b5 15. dxc5 Bxc5 16. Bxf6 Nxf6 17. Bxc8 Rxe3 18. Kh1 Qxc8 19. Qd2 Re5 20. Ng3 Rxe1+ 21. Rxe1 g6 22. Nce2 h5 23. Qg5 Nh7 24. Qf4 Qe6 25. Qb8+ Kg7 26. Qxb7 h4 27. Rd1 hxg3 28. Nf4 Qe3 29. hxg3 Nf6 30. Qxa6 g5 31. Qxf6+ 1-0

[Event "La Fere op 3rd"]
[Site "La Fere"]
[Date "2004.07.03"]
[Round "1"]
[White "Gharamian, Tigran"]
[Black "Varoquier, Romain"]
[Result "1-0"]
[WhiteElo "2398"]
[BlackElo "1940"]
[PlyCount "119"]
[EventDate "2004.07.03"]
[EventType "swiss"]
[EventRounds "9"]
[EventCountry "FRA"]
[SourceTitle "CBM 101 Extra"]
[Source "ChessBase"]
[SourceDate "2004.09.01"]
[SourceVersion "2"]
[SourceVersionDate "2004.09.01"]
[SourceQuality "1"]

1. e4 e5 2. Nf3 Nc6 3. Bb5 a6 4. Bxc6 dxc6 5. 0-0 Bd6 6. d4 Bg4 7. dxe5 Bxf3 8. Qxf3 Bxe5 9. Nd2 Ne7 10. Qb3 b5 11. Nf3 Ng6 12. Nxe5 Nxe5 13. Qc3 Qf6 14. f4 Nd7 15. e5 Qe6 16. f5 Qc4 17. Qxc4 bxc4 18. Bf4 0-0-0 19. Rfe1 Nb6 20. e6 Nd5 21. Bg5 f6 22. Be3 g6 23. fxg6 hxg6 24. Bc5 Rh5 25. Re4 Re8 26. Rae1 c3 27. bxc3 Nxc3 28. Rc4 Nd5 29. Bf2 Kb7 30. Bg3 Nb6 31. Rf4 Nd5 32. Rg4 g5 33. Rc4 Rh6 34. Rc5 f5 35. c4 f4 36. cxd5 fxg3 37. Rb1+ Ka7 38. hxg3 cxd5 39. Rxc7+ Ka8 40. e7 Re6 41. Rd1 Rd6 42. Rd4 Kb8 43. Rc5 Rxe7 44. Rcxd5 Rxd5 45. Rxd5 g4 46. Rd4 Rg7 47. Kf2 Kb7 48. Ke3 Kc6 49. Kf4 a5 50. Kf5 Kc5 51. Rxg4 Rf7+ 52. Ke4 Rf2 53. a4 Rxg2 54. Kf3 Rg1 55. Rf4 Kc6 56. Kg4 Rg2 57. Kh4 Rh2+ 58. Kg5 Rg2 59. g4 Kd6 60. Rf5 1-0

[Event "France-ch U18"]
[Site "Reims"]
[Date "2004.04.18"]
[Round "1"]
[White "Varoquier, Romain"]
[Black "Gregoire, Sylvain"]
[Result "0-1"]
[WhiteElo "1990"]
[BlackElo "2313"]
[PlyCount "84"]
[EventDate "2004.04.??"]
[EventType "swiss"]
[EventRounds "9"]
[EventCountry "FRA"]
[SourceTitle "EXT 2005"]
[Source "ChessBase"]
[SourceDate "2004.11.15"]
[SourceVersion "1"]
[SourceVersionDate "2004.11.15"]
[SourceQuality "1"]

1. e4 c5 2. c4 Nc6 3. Nc3 g6 4. g3 Bg7 5. Bg2 e6 6. Nge2 Nge7 7. d3 0-0 8. 0-0 Nd4 9. a3 d6 10. Rb1 Nxe2+ 11. Nxe2 d5 12. b4 cxb4 13. axb4 d4 14. f4 b5 15. Ba3 Bb7 16. cxb5 Qb6 17. Nc1 Rac8 18. Nb3 Qxb5 19. Nc5 Ba8 20. Qb3 Rc7 21. Bh3 Rb8 22. Qa2 Kh8 23. Rfc1 Rb6 24. Bf1 Qe8 25. Be2 e5 26. Bd1 exf4 27. gxf4 Ng8 28. Bb3 Qc8 29. Qe2 Nf6 30. Ba4 Nh5 31. f5 Qd8 32. Qg4 Bh6 33. Rf1 Be3+ 34. Kh1 Nf6 35. Qh4 g5 36. Qg3 Rxc5 37. bxc5 Nxe4 38. Qe5+ f6 39. Qxe4 Bxe4+ 40. dxe4 Ra6 41. Rb4 Rxa4 42. Rxa4 Qe8 0-1

[Event "Reims ligue excellence"]
[Site "Reims"]
[Date "2003.06.08"]
[Round "3"]
[White "Jeannette, Venceslas"]
[Black "Varoquier, Romain"]
[Result "1/2-1/2"]
[WhiteElo "2000"]
[BlackElo "1940"]
[PlyCount "32"]
[EventDate "2003.06.??"]
[EventType "swiss"]
[EventRounds "6"]
[EventCountry "FRA"]
[SourceTitle "EXT 2005"]
[Source "ChessBase"]
[SourceDate "2004.11.15"]
[SourceVersion "1"]
[SourceVersionDate "2004.11.15"]
[SourceQuality "1"]

1. e4 e5 2. Nf3 Nc6 3. d4 exd4 4. Nxd4 Qh4 5. Nb5 Bc5 6. Qe2 Nf6 7. g3 Qxe4 8. Qxe4+ Nxe4 9. Be3 Bxe3 10. fxe3 Kd8 11. Bg2 Nf6 12. 0-0 Re8 13. N1c3 a6 14. Nd4 Nxd4 15. exd4 d6 16. Rae1 Rxe1 1/2-1/2

[Event "FRA-chT4 0203"]
[Site "Champagne Ardenne"]
[Date "2003.04.06"]
[Round "7"]
[White "Varoquier, Romain"]
[Black "Fleurentin, Arnaud"]
[Result "1-0"]
[WhiteElo "1820"]
[BlackElo "1790"]
[PlyCount "77"]
[EventDate "2002.10.02"]
[EventType "team"]
[EventRounds "7"]
[EventCountry "FRA"]
[SourceTitle "EXT 2005"]
[Source "ChessBase"]
[SourceDate "2004.11.15"]
[SourceVersion "1"]
[SourceVersionDate "2004.11.15"]
[SourceQuality "1"]

1. e4 c5 2. c4 Nc6 3. Nc3 d6 4. g3 Nf6 5. Bg2 e5 6. Nge2 Be7 7. 0-0 0-0 8. f4 Bd7 9. a3 a6 10. Rb1 a5 11. d3 Rb8 12. f5 Nd4 13. a4 Qb6 14. b3 Qd8 15. h3 h6 16. Be3 Nh7 17. h4 Nf6 18. Bh3 Kh7 19. Qd2 Rg8 20. Kh2 Be8 21. g4 Nd7 22. g5 h5 23. Ng3 g6 24. f6 Bf8 25. Nd5 Ra8 26. Bxd4 cxd4 27. Qe2 Rh8 28. Nxh5 gxh5 29. g6+ fxg6 30. f7 Qxh4 31. fxe8Q Rxe8 32. Rf7+ Kh6 33. Rxd7 g5 34. Rf1 Re6 35. Qf2 Qxf2+ 36. Rxf2 g4 37. Bf1 h4 38. Rff7 Kg5 39. Rd8 1-0

[Event "FRA-ch op-A"]
[Site "Le Grand Bornand"]
[Date "2003.??.??"]
[Round "8.2"]
[White "Varoquier, Romain"]
[Black "Nazeri, Massoud"]
[Result "1/2-1/2"]
[WhiteElo "1820"]
[BlackElo "1920"]
[PlyCount "28"]
[EventDate "2003.??.??"]
[EventType "swiss"]
[EventRounds "9"]
[EventCountry "FRA"]
[SourceTitle "EXT 2004"]
[Source "ChessBase"]
[SourceDate "2003.11.25"]
[SourceVersion "1"]
[SourceVersionDate "2003.11.25"]
[SourceQuality "1"]

1. e4 c5 2. c4 e6 3. Nc3 Nc6 4. g3 Nge7 5. Bg2 g6 6. Nge2 Bg7 7. d3 d6 8. 0-0 a6 9. Be3 Nd4 10. a3 Nec6 11. Rb1 Nxe2+ 12. Nxe2 b5 13. b4 bxc4 14. dxc4 cxb4 1/2-1/2